000 00435nam a22001817a 4500
003 koha_MIRAKIL
005 20231213095640.0
008 231213b |||||||| |||| 00| 0 ||| d
020 _b978-9-75587086-1
040 _aTR-IsEVY
_btur
_cTR-IsEVY
082 _a810 AKA/K
100 _aAKAL, AYTÜL.
245 0 _aKİTAP CANAVARI.
260 _bUçanbalık,
_c2010
300 _a15.
650 _aTürk Edebiyatı.
942 _2ddc
_cBK
999 _c7123
_d7123